| Tag |
First Indicator |
Second Indicator |
Subfields |
| LEADER |
00000cam a2200000 4500 |
| 001 |
in00000075290 |
| 005 |
20151008052621.0 |
| 008 |
711227s1954 nyu 00000 eng u |
| 010 |
|
|
|a 53011486
|
| 035 |
|
|
|a (OCoLC)00187713
|
| 035 |
|
|
|9 AAH4139AM
|
| 040 |
|
|
|c WSU
|d TXA
|d UtOrBLW
|
| 049 |
|
|
|a TXAM
|c 1 [236034]
|
| 050 |
|
0 |
|a LB2832
|b .W4
|
| 092 |
|
|
|a 371.1
|b W373p
|
| 100 |
1 |
|
|a Weber, Clarence A.
|q (Clarence Adam),
|d 1903-
|
| 245 |
1 |
0 |
|a Personnel problems of school administrators.
|
| 264 |
|
1 |
|a New York :
|b McGraw-Hill,
|c 1954.
|
| 300 |
|
|
|a 378 pages
|
| 336 |
|
|
|a text
|b txt
|2 rdacontent
|
| 337 |
|
|
|a unmediated
|b n
|2 rdamedia
|
| 338 |
|
|
|a volume
|b nc
|2 rdacarrier
|
| 490 |
1 |
|
|a McGraw-Hill series in education
|
| 650 |
|
0 |
|a School management and organization.
|
| 830 |
|
0 |
|a McGraw-Hill series in education.
|
| 999 |
|
|
|a MARS
|
| 999 |
f |
f |
|s 98f0ba22-320b-3e1c-80ee-18d30745a185
|i 6ba364e3-4abb-3df9-aa8b-73259e9d0782
|t 0
|
| 952 |
f |
f |
|p ric
|a Texas A&M University
|b Rellis Campus
|c Joint Library Facility
|d Remote Storage
|t 0
|e LB2832 .W4
|h Library of Congress classification
|i unmediated -- volume
|m A14800830282
|
| 998 |
f |
f |
|a LB2832 .W4
|t 0
|l Remote Storage
|